| 000 | 00465cam a2200169ua 4500 | ||
|---|---|---|---|
| 003 | OSt | ||
| 008 | 250610b |||||||| |||| 00| 0 eng d | ||
| 020 | _a0 903384 51 5 | ||
| 041 | _aeng | ||
| 082 |
_a624.171 _bCLA/EA |
||
| 100 |
_aClayton, C R I . _97554 |
||
| 245 | _aEarth pressure and earth retaining structures / | ||
| 260 |
_aLondon : _bUniversity of London Press Ltd , _c1986. |
||
| 300 | _a300 ; . | ||
| 700 | 1 |
_aMilititsky , J . _97555 |
|
| 942 | _cBK | ||
| 999 |
_c10395 _d10395 |
||